Cómo elaborar un plan de negocios: una estrategia para la planeación inteligente de ejecutivos y hombres de negocios (Registro nro. 9258)
[ vista simple ]
| 000 -Cabecera | |
|---|---|
| Campo de control de longitud fija | 00737ntm a22002657a 4500 |
| 005 - Fecha y hora de la última transacción | |
| Campo de control | 20240319160414.0 |
| 008 - Elementos de longitud fija--Información general | |
| Campo de control de longitud fija | 170407b xxu||||| |||| 00| 0 spa d |
| 020 ## - International Standard Book Number | |
| Número Internacional Estándar del Libro (ISBN) | 9786071723215 |
| 041 ## - Idioma | |
| Código de idioma | Español |
| 082 ## - Clasificación Decimal Dewey | |
| Número de clasificación | 658.84 S937c |
| 100 ## - Entrada principal--Autor personal | |
| Nombre personal | Stutely, Richard |
| 9 (RLIN) | 42124 |
| 245 ## - Título propiamente dicho | |
| Título | Cómo elaborar un plan de negocios: una estrategia para la planeación inteligente de ejecutivos y hombres de negocios |
| 260 ## - Pie de imprenta | |
| Lugar de publicación, distribución, etc. | México |
| 260 ## - Pie de imprenta | |
| Nombre del editor, distribuidor, etc. | Trillas |
| 260 ## - Pie de imprenta | |
| Fecha de publicación, distribución, etc. | 2015 |
| 300 ## - Descripción física | |
| Extensión | 336 páginas |
| 650 ## - Materia general | |
| Temática (materia general) | PLAN DE NEGOCIOS |
| 650 ## - Materia general | |
| Temática (materia general) | HABILIDADES EJECUTIVAS |
| 650 ## - Materia general | |
| Temática (materia general) | INDUSTRIA |
| 650 ## - Materia general | |
| Temática (materia general) | ADMINISTRACIÓN |
| 650 ## - Materia general | |
| Temática (materia general) | ANÁLISIS FODA |
| 650 ## - Materia general | |
| Temática (materia general) | IDENTIFICACIÓN DE RIESGOS |
| 942 ## - Punto de acceso adicional KOHA | |
| Tipo de ítem KOHA | Libro |
| Fuente del sistema de clasificación o colocación | Dewey Decimal Classification |
| Signatura completa | Código de barras | Programa Académico | Tipo de ítem |
|---|---|---|---|
| 658.84 S937c | 22109 | Dirección y Administración de Empresas | Libro |